000 00666nam a22002417a 4500
003 UA-OsUOA
001 47883
007 ta
008 20121030b un ||||| |||| 00| 0 ukr d
100 _aКардиналовская М.
090 _a82-1
_bК21
942 _cBK
040 _aUA-OsUOA
_brus
_cUA-OsUOA
_dUA-OsUOA
245 _aСтихи
300 _a75 с.
955 _a3
041 _arus
080 _a82-1
260 _aБостон
_c1972
650 7 _a82 Література. Літературознавство
_2UDC
999 _c427983
_d427983